[Event "Bayern-chI Bank Hofmann 26th"]
[Site "Tegernsee"]
[Date "2023.10.31"]
[Round "4"]
[White "Meins, Gerlef"]
[Black "Deglmann, Ludwig"]
[Result "1/2-1/2"]
[WhiteElo "2412"]
[BlackElo "2243"]
[PlyCount "79"]
[EventDate "2023.10.28"]
[EventType "swiss"]
[EventRounds "9"]
[EventCountry "GER"]
[SourceTitle "Mega2024 Update 01"]
[Source "Chessbase"]
[SourceDate "2023.11.12"]
[SourceVersion "1"]
[SourceVersionDate "2023.11.12"]
[SourceQuality "1"]

1. d4 Nf6 2. c4 e6 3. Nf3 b6 4. g3 Bb7 5. Bg2 g6 6. Nc3 Bg7 7. d5 0-0 8. 0-0 Re8 9. Nd4 exd5 10. cxd5 Na6 11. Bf4 Nc5 12. Rc1 a5 13. b3 Nh5 14. Be3 Rxe3 15. fxe3 Qg5 16. Qd2 Re8 17. Nf3 Qxe3+ 18. Qxe3 Rxe3 19. Nb5 Bxd5 20. Nxc7 Bc6 21. Rcd1 Rxe2 22. Rf2 Rxf2 23. Kxf2 Nf6 24. Kg1 Nfe4 25. Nd5 Bxd5 26. Rxd5 Nc3 27. Rd6 Nxa2 28. Rxb6 Nb4 29. Rb8+ Bf8 30. Nd4 Kg7 31. Ra8 Ncd3 32. Nb5 Bc5+ 33. Kf1 Bb6 34. Nd6 Ne5 35. Nc4 Nxc4 36. bxc4 Nd3 37. Ra6 Bd8 38. Ra8 Bb6 39. Ra6 Bd8 40. Ra8 1/2-1/2

[Event "AUT-chT2W 2223"]
[Site "Austria"]
[Date "2023.04.21"]
[Round "9.1"]
[White "Mira, Helene"]
[Black "Deglmann, Ludwig"]
[Result "0-1"]
[WhiteElo "2062"]
[BlackElo "2265"]
[PlyCount "86"]
[EventDate "2022.09.23"]
[EventType "team-tourn"]
[EventRounds "11"]
[EventCountry "AUT"]
[SourceTitle "EXT 2024"]
[Source "ChessBase"]
[SourceDate "2023.10.10"]
[SourceVersion "1"]
[SourceVersionDate "2023.10.10"]
[SourceQuality "1"]
[WhiteTeam "Bregenz"]
[BlackTeam "Absam"]
[WhiteTeamCountry "AUT"]
[BlackTeamCountry "AUT"]

1. d4 f5 2. e3 Nf6 3. Bd3 g6 4. c4 Bg7 5. Nc3 0-0 6. Nf3 d6 7. 0-0 Nc6 8. d5 Nb4 9. Be2 a5 10. a3 Na6 11. Nd4 Nc5 12. f4 a4 13. Bd2 e5 14. fxe5 dxe5 15. Nf3 Re8 16. Qc2 Nb3 17. Rae1 c6 18. dxc6 bxc6 19. Kh1 e4 20. Nd4 Nxd2 21. Qxd2 c5 22. Rd1 cxd4 23. exd4 Kh8 24. c5 Nd5 25. Bb5 e3 26. Qe2 Ba6 27. Bxa6 Nxc3 28. bxc3 Rxa6 29. Qxa6 e2 30. Qxa4 Qe7 31. Rde1 exf1R+ 32. Rxf1 Qe2 33. Qd1 Qc4 34. Qf3 h5 35. Kg1 Bh6 36. g3 Re3 37. Qa8+ Kh7 38. Qb7+ Bg7 39. Qb4 Rxc3 40. Rd1 Qe2 41. Qxc3 Qxd1+ 42. Kg2 Qxd4 43. Qb4 Qd5+ 0-1

[Event "EU-Cup 37th"]
[Site "Mayrhofen"]
[Date "2022.10.08"]
[Round "6.5"]
[White "Ozen, Deniz"]
[Black "Deglmann, Ludwig"]
[Result "1/2-1/2"]
[WhiteElo "2397"]
[BlackElo "2243"]
[PlyCount "71"]
[EventDate "2022.10.03"]
[EventType "team-swiss"]
[EventRounds "7"]
[EventCountry "AUT"]
[SourceTitle "CBM 210 Extra"]
[Source "ChessBase"]
[SourceDate "2022.11.30"]
[SourceVersion "1"]
[SourceVersionDate "2022.11.30"]
[SourceQuality "1"]
[WhiteTeam "Gokturk"]
[BlackTeam "Absam "]
[WhiteTeamCountry "TUR"]
[BlackTeamCountry "AUT"]

1. d4 g6 2. e4 Bg7 3. Nc3 d5 4. exd5 Nf6 5. Bc4 Nbd7 6. Nf3 0-0 7. 0-0 Nb6 8. Bb3 a5 9. a4 Nbxd5 10. Nxd5 Nxd5 11. Re1 c6 12. h3 Qd6 13. Bg5 Be6 14. Qd2 Rfe8 15. c4 Nc7 16. Bf4 Qd8 17. Rad1 Bf5 18. g4 Bc8 19. d5 Na6 20. Qe3 c5 21. d6 Be6 22. Bg5 Bf6 23. Qf4 Qb6 24. Re3 Rad8 25. Rd2 Nb8 26. dxe7 Bxe7 27. Bxe7 Rxe7 28. Red3 Red7 29. Rxd7 Nxd7 30. Qe3 Nf8 31. Rxd8 Qxd8 32. Qxc5 Qd3 33. Qe3 Qb1+ 34. Kg2 Qxb2 35. Nd4 Qa3 36. Nc2 1/2-1/2

[Event "AUT-chT 2122"]
[Site "Austria"]
[Date "2022.03.26"]
[Round "7.6"]
[White "Martinovic, Sasa"]
[Black "Deglmann, Ludwig"]
[Result "1/2-1/2"]
[WhiteElo "2542"]
[BlackElo "2246"]
[PlyCount "84"]
[EventDate "2021.11.04"]
[EventType "team-tourn"]
[EventRounds "11"]
[EventCountry "AUT"]
[SourceTitle "EXT 2023"]
[Source "ChessBase"]
[SourceDate "2022.10.05"]
[SourceVersion "1"]
[SourceVersionDate "2022.10.05"]
[SourceQuality "1"]
[WhiteTeam "St Veit"]
[BlackTeam "Absam"]
[WhiteTeamCountry "AUT"]
[BlackTeamCountry "AUT"]

1. d4 e6 2. c4 Bb4+ 3. Nd2 c5 4. a3 Bxd2+ 5. Qxd2 cxd4 6. Nf3 Nf6 7. Nxd4 0-0 8. e3 d5 9. b3 e5 10. Nf3 Nc6 11. Bb2 Re8 12. Be2 Bg4 13. cxd5 Qxd5 14. Qxd5 Nxd5 15. h3 Bf5 16. g4 Bg6 17. Rc1 f6 18. g5 a5 19. Rg1 Kf8 20. gxf6 gxf6 21. Nh4 Nde7 22. Nxg6+ hxg6 23. h4 Kg7 24. h5 g5 25. f4 Kh6 26. fxg5+ fxg5 27. Rf1 Rf8 28. Rxf8 Rxf8 29. Rd1 Nf5 30. Rd7 Rf6 31. Rxb7 Nxe3 32. Kd2 Nd5 33. Rd7 Nf4 34. Bf3 Nxh5 35. Ke3 Nf4 36. Bc3 Nd4 37. Bxd4 exd4+ 38. Rxd4 Rb6 39. Bd1 Kg6 40. Kf3 Kf6 41. b4 axb4 42. Rxb4 Rxb4 1/2-1/2

[Event "Oberliga Bayern 2122"]
[Site "Bayern"]
[Date "2022.03.20"]
[Round "4.2"]
[White "Deglmann, Ludwig"]
[Black "Loos, Roland"]
[Result "1/2-1/2"]
[WhiteElo "2268"]
[BlackElo "2323"]
[PlyCount "47"]
[EventDate "2021.10.24"]
[EventType "team-tourn"]
[EventRounds "9"]
[EventCountry "GER"]
[SourceTitle "EXT 2024"]
[Source "ChessBase"]
[SourceDate "2023.10.10"]
[SourceVersion "1"]
[SourceVersionDate "2023.10.10"]
[SourceQuality "1"]
[WhiteTeam "Weilheim"]
[BlackTeam "Regensburg Post/Sued"]
[WhiteTeamCountry "GER"]
[BlackTeamCountry "GER"]

1. c4 c6 2. Nf3 d5 3. e3 Nf6 4. Nc3 a6 5. b3 g6 6. Ne5 Bg7 7. d4 0-0 8. Be2 c5 9. 0-0 Nc6 10. cxd5 Nxd5 11. Nxd5 Qxd5 12. Bf3 Qd8 13. Nxc6 bxc6 14. Bxc6 Rb8 15. Bb2 Qb6 16. Bf3 Rd8 17. Qe2 cxd4 18. Bxd4 Bxd4 19. exd4 Bb7 20. d5 Bxd5 21. Bxd5 Rxd5 22. Qxe7 Rd2 23. g3 Rc8 24. Rad1 1/2-1/2

[Event "Riga Tech op-A"]
[Site "Riga"]
[Date "2021.08.14"]
[Round "8"]
[White "Deglmann, Ludwig"]
[Black "Akesson, Ralf"]
[Result "0-1"]
[WhiteElo "2261"]
[BlackElo "2395"]
[PlyCount "74"]
[EventDate "2021.08.09"]
[EventType "swiss"]
[EventRounds "9"]
[EventCountry "LAT"]
[SourceTitle "CBM 203 Extra"]
[Source "ChessBase"]
[SourceDate "2021.09.30"]
[SourceVersion "1"]
[SourceVersionDate "2021.09.30"]
[SourceQuality "1"]

1. d4 Nf6 2. Bf4 c5 3. dxc5 Qa5+ 4. Qd2 Qxc5 5. Nc3 d6 6. e4 a6 7. Nf3 Nbd7 8. Bd3 b5 9. a3 Bb7 10. 0-0 e5 11. Bg5 Be7 12. Nh4 g6 13. b4 Qc7 14. Nd5 Nxd5 15. exd5 Nb6 16. Bxe7 Qxe7 17. Qh6 Nxd5 18. Be4 Nf4 19. Bxb7 Qxb7 20. a4 Ne6 21. Nf3 Rc8 22. axb5 axb5 23. Rfd1 Rc6 24. Rd2 Ra6 25. Rad1 Qc7 26. h4 f6 27. h5 Rg8 28. Nh4 Nf4 29. hxg6 hxg6 30. g3 Nh3+ 31. Kh2 Ng5 32. Rd5 Qxc2 33. R1d2 Qc1 34. f4 Ra1 35. Rd1 Ra2+ 36. Kh1 Qc2 37. R5d2 Qe4+ 0-1

[Event "Riga Tech op-A"]
[Site "Riga"]
[Date "2021.08.12"]
[Round "6"]
[White "Deglmann, Ludwig"]
[Black "Baskin, Robert"]
[Result "1/2-1/2"]
[WhiteElo "2261"]
[BlackElo "2390"]
[PlyCount "89"]
[EventDate "2021.08.09"]
[EventType "swiss"]
[EventRounds "9"]
[EventCountry "LAT"]
[SourceTitle "CBM 203 Extra"]
[Source "ChessBase"]
[SourceDate "2021.09.30"]
[SourceVersion "1"]
[SourceVersionDate "2021.09.30"]
[SourceQuality "1"]

1. e4 c5 2. Be2 Nc6 3. f4 e6 4. Nf3 d5 5. d3 Bd6 6. 0-0 Nge7 7. c3 f6 8. Qe1 0-0 9. Bd1 Qc7 10. g3 Bd7 11. Na3 a6 12. Nc2 b5 13. Ne3 d4 14. Ng2 e5 15. cxd4 exd4 16. Bb3+ Kh8 17. Bd2 Rae8 18. Rc1 Nc8 19. Qf2 Nb6 20. f5 c4 21. Bc2 Ne5 22. Nxe5 Bxe5 23. Nh4 Bc8 24. Ba5 Qd6 25. a3 Rf7 26. Bb4 Qb8 27. Ng6+ Kg8 28. Nxe5 Qxe5 29. Bd2 Rd8 30. Bf4 Qe7 31. Rfe1 Nd7 32. Bb1 Ne5 33. Bxe5 Qxe5 34. Ba2 Kf8 35. dxc4 d3 36. Rcd1 Rc7 37. cxb5 Rc2 38. Qxc2 dxc2 39. Rxd8+ Ke7 40. Rxc8 Qd4+ 41. Kf1 Qd3+ 42. Kf2 Qd2+ 43. Kf1 Qd3+ 44. Kf2 Qd2+ 45. Kf1 1/2-1/2

[Event "AUT-chT 2021"]
[Site "Austria"]
[Date "2021.03.14"]
[Round "7.2"]
[White "Webersberger, Johann"]
[Black "Deglmann, Ludwig"]
[Result "1/2-1/2"]
[WhiteElo "2325"]
[BlackElo "2263"]
[PlyCount "61"]
[EventDate "2021.01.22"]
[EventType "team-tourn"]
[EventRounds "7"]
[EventCountry "AUT"]
[SourceTitle "EXT 2022"]
[Source "ChessBase"]
[SourceDate "2021.10.06"]
[SourceVersion "1"]
[SourceVersionDate "2021.10.06"]
[SourceQuality "1"]
[WhiteTeam "Grieskirchen/Schallerbach"]
[BlackTeam "Absam"]
[WhiteTeamCountry "AUT"]
[BlackTeamCountry "AUT"]

1. d4 f5 2. Nc3 Nf6 3. Bg5 d5 4. Bxf6 exf6 5. e3 Be6 6. Qf3 Qd7 7. Bd3 Nc6 8. a3 Ne7 9. Nge2 g6 10. h4 h5 11. 0-0-0 0-0-0 12. Kb1 Kb8 13. Nc1 Nc8 14. Nb3 b6 15. Rc1 c6 16. Qe2 Nd6 17. Rhd1 Bh6 18. g3 Rhe8 19. Na2 Bf8 20. Nd2 Ne4 21. c4 Nxd2+ 22. Rxd2 dxc4 23. Bxc4 Bxc4 24. Qxc4 Rc8 25. Rdc2 c5 26. Qd3 Rcd8 27. Qa6 Qc8 28. Qa4 Qd7 29. Qa6 Qc8 30. Qa4 Qd7 31. Qa6 1/2-1/2

[Event "AUT-chT 2021"]
[Site "Austria"]
[Date "2021.01.24"]
[Round "4.3"]
[White "Deglmann, Ludwig"]
[Black "Poetz, Florian"]
[Result "0-1"]
[WhiteElo "2263"]
[BlackElo "2420"]
[PlyCount "55"]
[EventDate "2021.01.22"]
[EventType "team-tourn"]
[EventRounds "7"]
[EventCountry "AUT"]
[SourceTitle "CBM 200 Extra"]
[Source "ChessBase"]
[SourceDate "2021.03.31"]
[SourceVersion "1"]
[SourceVersionDate "2021.03.31"]
[SourceQuality "1"]
[WhiteTeam "Absam"]
[BlackTeam "Fuerstenfeld/Hartberg"]
[WhiteTeamCountry "AUT"]
[BlackTeamCountry "AUT"]

1. e4 d6 2. d4 Nf6 3. Nc3 c6 4. f4 Qa5 5. e5 Ne4 6. Qf3 Nxc3 7. Bd2 Bf5 8. Bd3 Bxd3 9. cxd3 e6 10. bxc3 Nd7 11. Ne2 Be7 12. 0-0 0-0 13. a4 Qc7 14. Rab1 Rab8 15. Ng3 Rbe8 16. Qg4 Kh8 17. Rf3 c5 18. Ne4 f5 19. exf6 Bxf6 20. Rh3 Re7 21. Qg6 h6 22. f5 cxd4 23. Bxh6 Kg8 24. Bg5 exf5 25. Qh7+ Kf7 26. Qxf5 Re5 27. Qf3 b6 28. cxd4 0-1

[Event "AUT-chT 2021"]
[Site "Austria"]
[Date "2021.01.23"]
[Round "2.3"]
[White "Janzelj, Tim"]
[Black "Deglmann, Ludwig"]
[Result "1-0"]
[WhiteElo "2469"]
[BlackElo "2263"]
[PlyCount "71"]
[EventDate "2021.01.22"]
[EventType "team-tourn"]
[EventRounds "7"]
[EventCountry "AUT"]
[SourceTitle "CBM 200 Extra"]
[Source "ChessBase"]
[SourceDate "2021.03.31"]
[SourceVersion "1"]
[SourceVersionDate "2021.03.31"]
[SourceQuality "1"]
[WhiteTeam "Raika Feffernitz"]
[BlackTeam "Absam"]
[WhiteTeamCountry "AUT"]
[BlackTeamCountry "AUT"]

1. e4 e6 2. d4 d5 3. Nd2 c5 4. Ngf3 Nf6 5. exd5 exd5 6. Be2 Nc6 7. 0-0 c4 8. Re1 Be7 9. Nf1 0-0 10. Ne5 Nd7 11. Nxd7 Bxd7 12. Bf3 Be6 13. Ng3 Bd6 14. c3 Qh4 15. b3 cxb3 16. axb3 a5 17. Ba3 Bxa3 18. Rxa3 Rac8 19. Qd3 Qd8 20. Nf1 Qb6 21. Ne3 Rfd8 22. Rb1 Ne7 23. b4 axb4 24. Rxb4 Qc6 25. Qb1 Rc7 26. Rab3 Bc8 27. c4 Qf6 28. c5 Be6 29. Rxb7 Rxb7 30. Rxb7 Nc6 31. Qb6 Nxd4 32. Rb8 Bc8 33. Qxf6 gxf6 34. Bxd5 Ne2+ 35. Kf1 Ng3+ 36. Ke1 1-0

[Event "Oberliga Bayern 1920"]
[Site "Bayern"]
[Date "2020.03.01"]
[Round "7.4"]
[White "Deglmann, Ludwig"]
[Black "Hilverda, Alexander"]
[Result "1/2-1/2"]
[WhiteElo "2262"]
[BlackElo "2219"]
[PlyCount "134"]
[EventDate "2019.10.20"]
[EventType "team-tourn"]
[EventRounds "9"]
[EventCountry "GER"]
[SourceTitle "EXT 2021"]
[Source "ChessBase"]
[SourceDate "2020.10.23"]
[SourceVersion "1"]
[SourceVersionDate "2020.10.23"]
[SourceQuality "1"]
[WhiteTeam "Weilheim"]
[BlackTeam "Erlangen SC"]
[WhiteTeamCountry "GER"]
[BlackTeamCountry "GER"]

1. f4 d5 2. Nf3 c5 3. g3 Nc6 4. Bg2 g6 5. d3 Bg7 6. 0-0 Nf6 7. c3 0-0 8. Na3 Rb8 9. Nc2 b5 10. Be3 Qd6 11. b4 Nd7 12. bxc5 Nxc5 13. Ncd4 Nxd4 14. Bxd4 f6 15. Qc1 e5 16. fxe5 fxe5 17. Be3 Na4 18. c4 e4 19. dxe4 dxc4 20. e5 Qe7 21. Bg5 Qc7 22. Bf4 Bb7 23. Kh1 Bxf3 24. exf3 Bxe5 25. Bxe5 Qxe5 26. f4 Qc5 27. g4 Rbe8 28. f5 Qe3 29. fxg6 hxg6 30. Rxf8+ Kxf8 31. Qb1 Qe5 32. Qb4+ Kg7 33. Rf1 Nc3 34. Qa3 Ne2 35. Qxa7+ Qe7 36. Qb6 c3 37. Qxb5 Qe3 38. Qb7+ Qe7 39. Qc6 Qe6 40. Qc7+ Kg8 41. Qc5 Rd8 42. Qg5 Rf8 43. Rxf8+ Kxf8 44. Qd8+ Kg7 45. g5 Qf7 46. Qd3 Qxa2 47. Qd7+ Qf7 48. Qd3 Qc7 49. Be4 Nf4 50. Qd4+ Kh7 51. Qe3 Nh5 52. Qf3 Kg7 53. Bc2 Qe5 54. Qb7+ Kh8 55. Qc8+ Kh7 56. Qd7+ Ng7 57. Qh3+ Kg8 58. Qc8+ Kh7 59. Qh3+ Kg8 60. Qc8+ Kf7 61. Qd7+ Kf8 62. Bxg6 Qe1+ 63. Kg2 Qe2+ 64. Kg3 Qe3+ 65. Kg4 Qg1+ 66. Kf3 Qf1+ 67. Kg3 Qg1+ 1/2-1/2

[Event "AUT-chT2W 1920"]
[Site "Austria"]
[Date "2020.01.19"]
[Round "8.4"]
[White "Deglmann, Ludwig"]
[Black "Wollrab, Richard"]
[Result "1-0"]
[WhiteElo "2258"]
[BlackElo "2107"]
[PlyCount "57"]
[EventDate "2019.10.04"]
[EventType "team-tourn"]
[EventRounds "11"]
[EventCountry "AUT"]
[SourceTitle "CBM 195 Extra"]
[Source "ChessBase"]
[SourceDate "2020.05.31"]
[SourceVersion "1"]
[SourceVersionDate "2020.05.31"]
[SourceQuality "1"]
[WhiteTeam "Absam"]
[BlackTeam "Salzburg ASK"]
[WhiteTeamCountry "AUT"]
[BlackTeamCountry "AUT"]

1. f4 d5 2. Nf3 g6 3. g3 Bg7 4. Bg2 c6 5. d3 Qb6 6. c3 Nh6 7. e4 dxe4 8. dxe4 Be6 9. Qe2 Qa6 10. Na3 0-0 11. h3 f5 12. Ng5 Bf7 13. e5 Bd5 14. Bxd5+ cxd5 15. Nb5 Rc8 16. Be3 Nf7 17. Nxf7 Kxf7 18. g4 Nd7 19. gxf5 gxf5 20. Qd3 Qe6 21. 0-0-0 Nc5 22. Bxc5 Rxc5 23. Nd4 Qc8 24. Nxf5 Bf8 25. Nd4 Kg8 26. Kb1 Kh8 27. Rhg1 e6 28. Qg3 Bh6 29. f5 1-0

[Event "Zadar op-A 26th"]
[Site "Zadar"]
[Date "2019.12.18"]
[Round "5"]
[White "Rogic, Davor"]
[Black "Deglmann, Ludwig"]
[Result "1-0"]
[WhiteElo "2485"]
[BlackElo "2261"]
[PlyCount "67"]
[EventDate "2019.12.15"]
[EventType "swiss"]
[EventRounds "9"]
[EventCountry "CRO"]
[SourceTitle "CBM 193 Extra"]
[Source "ChessBase"]
[SourceDate "2020.01.31"]
[SourceVersion "1"]
[SourceVersionDate "2020.01.31"]
[SourceQuality "1"]

1. e4 e6 2. d4 d5 3. Nd2 Nf6 4. e5 Nfd7 5. Bd3 c5 6. c3 Nc6 7. Ne2 cxd4 8. cxd4 f6 9. exf6 Nxf6 10. Nf3 Bd6 11. 0-0 Qc7 12. Bd2 0-0 13. Rc1 Bd7 14. Bc3 Rac8 15. Ng3 Qb8 16. Qe2 a6 17. Ne5 Nxe5 18. dxe5 Rxc3 19. bxc3 Bxe5 20. c4 g6 21. Rb1 Bc6 22. Rfe1 Bd4 23. Kh1 Kh8 24. f3 e5 25. Qd2 e4 26. cxd5 Nxd5 27. Nxe4 Be5 28. Bc4 Nf6 29. Nxf6 Bxf6 30. Bxa6 Rd8 31. Qf2 Qc7 32. Bb5 Bd5 33. a4 Qf4 34. Qg3 1-0

[Event "Zadar op-A 26th"]
[Site "Zadar"]
[Date "2019.12.16"]
[Round "3"]
[White "Bukal, Vladimir Jr"]
[Black "Deglmann, Ludwig"]
[Result "1-0"]
[WhiteElo "2393"]
[BlackElo "2261"]
[PlyCount "53"]
[EventDate "2019.12.15"]
[EventType "swiss"]
[EventRounds "9"]
[EventCountry "CRO"]
[SourceTitle "CBM 193 Extra"]
[Source "ChessBase"]
[SourceDate "2020.01.31"]
[SourceVersion "1"]
[SourceVersionDate "2020.01.31"]
[SourceQuality "1"]

1. d4 f5 2. Bf4 Nf6 3. e3 d6 4. Nc3 g6 5. h4 h6 6. Qf3 Bg7 7. Qg3 Kf7 8. 0-0-0 Qe8 9. Bc4+ e6 10. e4 fxe4 11. f3 d5 12. Bf1 Nh5 13. Qh2 Nc6 14. Nb5 e5 15. Nxc7 Qd8 16. dxe5 Nxf4 17. Qxf4+ Kg8 18. Nxd5 Bxe5 19. Qe3 Qa5 20. Bc4 Kg7 21. f4 Bd6 22. h5 Bf5 23. Ne2 Rad8 24. Ng3 Bg4 25. Qxe4 gxh5 26. Nxh5+ Kf8 27. Qg6 1-0

[Event "Trieste op 21st"]
[Site "Trieste"]
[Date "2019.09.03"]
[Round "5"]
[White "Guid, Matej"]
[Black "Deglmann, Ludwig"]
[Result "1-0"]
[WhiteElo "2317"]
[BlackElo "2266"]
[PlyCount "93"]
[EventDate "2019.08.31"]
[EventType "swiss"]
[EventRounds "9"]
[EventCountry "ITA"]
[SourceTitle "EXT 2020"]
[Source "ChessBase"]
[SourceDate "2019.10.17"]
[SourceVersion "1"]
[SourceVersionDate "2019.10.17"]
[SourceQuality "1"]

1. Nf3 f5 2. b4 c6 3. c4 d6 4. g3 e5 5. Bb2 Nf6 6. Bg2 Be7 7. Qb3 Be6 8. Ng5 Bg8 9. b5 Nbd7 10. bxc6 bxc6 11. 0-0 Rb8 12. Qc2 h6 13. Nf3 Bh7 14. d3 0-0 15. Nbd2 c5 16. Bc3 e4 17. Ne1 e3 18. fxe3 Ng4 19. Bd5+ Kh8 20. Ng2 Bg5 21. Rf4 Qe7 22. Nf1 Nb6 23. Bf3 Ne5 24. Bh5 g6 25. Bf3 Bf6 26. Bd5 Nxd5 27. cxd5 g5 28. Ra4 Rb7 29. Nd2 Qf7 30. e4 fxe4 31. Nxe4 Bxe4 32. Rxe4 Bg7 33. Ne3 Qh5 34. Rf1 Rbf7 35. Rxf7 Qxf7 36. Be1 Kg8 37. g4 Ng6 38. Nf5 Kh7 39. Bc3 Ne5 40. Bxe5 Bxe5 41. Qb3 Qg6 42. Qb7+ Rf7 43. Qc8 h5 44. h3 h4 45. Kg2 a5 46. Rxe5 dxe5 47. d6 1-0

[Event "Trieste op 21st"]
[Site "Trieste"]
[Date "2019.09.01"]
[Round "2"]
[White "Deglmann, Ludwig"]
[Black "Vorobiov, Evgeny E"]
[Result "0-1"]
[WhiteElo "2266"]
[BlackElo "2560"]
[PlyCount "44"]
[EventDate "2019.08.31"]
[EventType "swiss"]
[EventRounds "9"]
[EventCountry "ITA"]
[SourceTitle "EXT 2020"]
[Source "ChessBase"]
[SourceDate "2019.10.17"]
[SourceVersion "1"]
[SourceVersionDate "2019.10.17"]
[SourceQuality "1"]

1. e4 c5 2. d3 Nc6 3. f4 g6 4. Nf3 Bg7 5. Be2 Nf6 6. c3 0-0 7. 0-0 d6 8. Kh1 b5 9. a3 Rb8 10. Qe1 a6 11. Bd1 e5 12. b4 Nh5 13. bxc5 Nxf4 14. Bxf4 exf4 15. cxd6 Qxd6 16. d4 Na5 17. e5 Qc7 18. Ng5 f6 19. exf6 Bxf6 20. Ne6 Bxe6 21. Qxe6+ Kh8 22. Qxa6 Nc6 0-1

[Event "AUT-chT2W 1819"]
[Site "Austria"]
[Date "2019.02.10"]
[Round "8.4"]
[White "Deglmann, Ludwig"]
[Black "Scheiblmaier, Robert"]
[Result "1/2-1/2"]
[WhiteElo "2270"]
[BlackElo "2192"]
[PlyCount "81"]
[EventDate "2018.10.12"]
[EventType "team-tourn"]
[EventRounds "11"]
[EventCountry "AUT"]
[SourceTitle "CBM 189 Extra"]
[Source "ChessBase"]
[SourceDate "2019.06.03"]
[SourceVersion "1"]
[SourceVersionDate "2019.06.03"]
[SourceQuality "1"]
[WhiteTeam "Absam"]
[BlackTeam "Salzburg ASK"]
[WhiteTeamCountry "AUT"]
[BlackTeamCountry "AUT"]

1. f4 d5 2. Nf3 Nf6 3. g3 g6 4. Bg2 Bg7 5. 0-0 c5 6. d3 Nc6 7. c3 0-0 8. Na3 Qb6 9. Kh1 Rd8 10. Qe1 Qa6 11. c4 dxc4 12. Nxc4 Be6 13. Nfe5 Nxe5 14. Nxe5 Nd7 15. Nf3 h6 16. Nh4 Nf8 17. f5 Bd5 18. fxg6 Bxg2+ 19. Nxg2 fxg6 20. Be3 Rac8 21. Qf2 Qd6 22. Qf7+ Kh7 23. Rf4 Qe6 24. Qxe6 Nxe6 25. Re4 Rc6 26. Rc1 Rd7 27. b4 Nd4 28. Rxc5 Rxc5 29. bxc5 Nxe2 30. Ne1 Nc3 31. Rc4 Nd5 32. Bf2 Rc7 33. Kg2 e6 34. Ra4 a6 35. Re4 Rc6 36. Nf3 Nc3 37. Rc4 Nd5 38. Kf1 Kg8 39. Ke2 Kf7 40. a4 Rc7 41. d4 1/2-1/2

[Event "AUT-chT2W 1819"]
[Site "Austria"]
[Date "2018.12.09"]
[Round "5.4"]
[White "Deglmann, Ludwig"]
[Black "Wuppinger, Manfred"]
[Result "1-0"]
[WhiteElo "2270"]
[BlackElo "2036"]
[PlyCount "105"]
[EventDate "2018.10.12"]
[EventType "team-tourn"]
[EventRounds "11"]
[EventCountry "AUT"]
[SourceTitle "CBM 189 Extra"]
[Source "ChessBase"]
[SourceDate "2019.06.03"]
[SourceVersion "1"]
[SourceVersionDate "2019.06.03"]
[SourceQuality "1"]
[WhiteTeam "Absam"]
[BlackTeam "Neumarkt"]
[WhiteTeamCountry "AUT"]
[BlackTeamCountry "AUT"]

1. f4 d5 2. Nf3 e6 3. g3 c6 4. Bg2 Nd7 5. Nc3 Ngf6 6. 0-0 Bb4 7. a3 Ba5 8. b4 Bb6+ 9. e3 0-0 10. Kh1 Bc7 11. d4 Nb6 12. Ne5 Nfd7 13. e4 f6 14. Nd3 Kh8 15. f5 dxe4 16. Bxe4 e5 17. Nc5 Nxc5 18. dxc5 Qxd1 19. Rxd1 Nd7 20. Be3 a6 21. Rd3 Re8 22. Rad1 Nf8 23. Na4 g6 24. g4 h5 25. h3 hxg4 26. hxg4 Re7 27. Kg2 Kg7 28. Nb6 Bxb6 29. cxb6 Rd7 30. Kf3 Rxd3 31. Rxd3 Bd7 32. Bc5 Be8 33. Bxf8+ Kxf8 34. fxg6 Kg7 35. g5 fxg5 36. Kg4 Bxg6 37. Rd7+ Kh6 38. Bxg6 Kxg6 39. Rxb7 Kf6 40. Rc7 e4 41. Rxc6+ Ke5 42. c3 Rb8 43. Rc5+ Kd6 44. Rxg5 Kc6 45. Kf4 Kxb6 46. Kxe4 Rh8 47. a4 Rh4+ 48. Kd3 Rh3+ 49. Kc4 Rh4+ 50. Kb3 Rh6 51. a5+ Kc6 52. Rg8 Rh4 53. Rb8 1-0

[Event "AUT-chT2W 1819"]
[Site "Austria"]
[Date "2018.10.13"]
[Round "2.5"]
[White "Sucher, Johannes"]
[Black "Deglmann, Ludwig"]
[Result "0-1"]
[WhiteElo "2172"]
[BlackElo "2270"]
[PlyCount "80"]
[EventDate "2018.10.12"]
[EventType "team-tourn"]
[EventRounds "11"]
[EventCountry "AUT"]
[SourceTitle "CBM 186 Extra"]
[Source "ChessBase"]
[SourceDate "2018.08.24"]
[SourceVersion "1"]
[SourceVersionDate "2018.08.24"]
[SourceQuality "1"]
[WhiteTeam "Pradl"]
[BlackTeam "Absam"]
[WhiteTeamCountry "AUT"]
[BlackTeamCountry "AUT"]

1. d4 g6 2. e4 Bg7 3. Nc3 d5 4. Nf3 c6 5. Be2 dxe4 6. Nxe4 Nd7 7. Bc4 Ndf6 8. Neg5 Nh6 9. Ne5 Nd5 10. Ne4 Nf5 11. 0-0 0-0 12. c3 Nd6 13. Bd3 Nxe4 14. Bxe4 Be6 15. f4 Nf6 16. Bc2 Nd7 17. Bb3 Bxb3 18. Qxb3 Nxe5 19. fxe5 b5 20. Bg5 h6 21. Bh4 g5 22. Bg3 Qd5 23. h4 Qxb3 24. axb3 a5 25. hxg5 hxg5 26. Rf5 f6 27. e6 a4 28. bxa4 bxa4 29. Bc7 Rfc8 30. Ba5 c5 31. Rxa4 cxd4 32. cxd4 Rc2 33. b4 Re2 34. d5 Rc8 35. b5 Kh7 36. b6 Kg6 37. Rf1 Rcc2 38. Rg4 f5 39. Rg3 Be5 40. Rff3 f4 0-1